Hamilton Bailey's emergency surgery (Record no. 4885)
[ view plain ]
| 000 -LEADER | |
|---|---|
| fixed length control field | 00740nam a22002531 4500 |
| 003 - CONTROL NUMBER IDENTIFIER | |
| control field | ALUPE UNIVERSITY |
| 005 - DATE AND TIME OF LATEST TRANSACTION | |
| control field | 20220330101206.0 |
| 008 - FIXED-LENGTH DATA ELEMENTS--GENERAL INFORMATION | |
| fixed length control field | 921109s1986 enk 000 0 eng d |
| 020 ## - INTERNATIONAL STANDARD BOOK NUMBER | |
| International Standard Book Number | 0723607990 |
| 040 ## - CATALOGING SOURCE | |
| Transcribing agency | ALUPE UNIVERSITY |
| 050 ## - LIBRARY OF CONGRESS CALL NUMBER | |
| Classification number | RD93 |
| Item number | .H36 1986 |
| 092 ## - LOCALLY ASSIGNED DEWEY CALL NUMBER (OCLC) | |
| Classification number | D0500786914 |
| 245 00 - TITLE STATEMENT | |
| Title | Hamilton Bailey's emergency surgery |
| 250 ## - EDITION STATEMENT | |
| Edition statement | 11th ed / |
| Remainder of edition statement | edited by Hugh A.F. Dudley. |
| 260 ## - PUBLICATION, DISTRIBUTION, ETC. | |
| Place of publication, distribution, etc. | Bristol : |
| Name of publisher, distributor, etc. | Wright, |
| Date of publication, distribution, etc. | c1986. |
| 300 ## - PHYSICAL DESCRIPTION | |
| Extent | xiv, 726 p. ; |
| Dimensions | 28 cm. |
| 650 #0 - SUBJECT ADDED ENTRY--TOPICAL TERM | |
| Topical term or geographic name entry element | Surgery. |
| 650 #0 - SUBJECT ADDED ENTRY--TOPICAL TERM | |
| Topical term or geographic name entry element | Medical emergencies. |
| 650 #0 - SUBJECT ADDED ENTRY--TOPICAL TERM | |
| Topical term or geographic name entry element | Surgery, Operative. |
| 650 #0 - SUBJECT ADDED ENTRY--TOPICAL TERM | |
| Topical term or geographic name entry element | Accidents. |
| 700 1# - ADDED ENTRY--PERSONAL NAME | |
| Personal name | Dudley, Hugh A. F. |
| Fuller form of name | (Hugh Arnold Freeman) |
| 942 ## - ADDED ENTRY ELEMENTS (KOHA) | |
| Source of classification or shelving scheme | |
| Koha item type | Book |
| Withdrawn status | Lost status | Source of classification or shelving scheme | Damaged status | Not for loan | Permanent Location | Current Location | Shelving location | Date acquired | Source of acquisition | Total Checkouts | Full call number | Barcode | Date last seen | Price effective from | Koha item type | Public note |
|---|---|---|---|---|---|---|---|---|---|---|---|---|---|---|---|---|
| AU LIBRARY | AU LIBRARY | Open Shelf | 30.03.2022 | DONATION FROM MOI UNIVERSITY | RD93 .H36 1986 | 28011809 | 30.03.2022 | 30.03.2022 | Book | WO | ||||||
| AU LIBRARY | AU LIBRARY | Open Shelf | 01.04.2022 | DONATION FROM MOI UNIVERSITY | RD93 .H36 1986 | 28007426 | 01.04.2022 | 01.04.2022 | Book | JO |